| 000 -CABECERA |
| fixed length control field |
01019nam a22001937a 4500 |
| 003 - IDENTIFICADOR DEL NÚMERO DE CONTROL |
| control field |
AR-CdUCM |
| 008 - DATOS DE LONGITUD FIJA--INFORMACIÓN GENERAL |
| fixed length control field |
190503b ||||| |||| 00| 0 spa d |
| 040 ## - FUENTE DE LA CATALOGACIÓN |
| Agencia/entidad que catalogó originalmente la obra |
MUNICIPALIDAD PROVINCIAL DEL CUSCO |
| Entidad que transcribió la catalogación |
BIBLIOTECA MUNICIPAL DEL CUSCO |
| 082 ## - NÚMERO DE LA CLASIFICACIÓN DECIMAL DEWEY |
| No. de Clasificación |
985.093 / |
| Notacion interna |
V433 |
| 245 ## - MENCIÓN DE TÍTULO |
| Título |
Velasco : |
| Resto del título |
la voz de la revolución, discursos del Presidente de la República, general de división Juan Velasco Alvarado 1970 - 1972 / |
| 260 ## - PUBLICACIÓN, DISTRIBUCIÓN, ETC. |
| Lugar de publicación, distribución, etc. |
Lima ; |
| Nombre de la editorial, distribuidor, etc. |
Oficina Nacional de Difusión del SINAMOS, |
| Fecha de publicación, distribución, etc. |
1972. |
| 300 ## - DESCRIPCIÓN FÍSICA |
| Nº de Páginas Extensión |
2 tomi |
| Dimensiones |
20 cm. |
| 505 ## - NOTA DE CONTENIDO CON FORMATO |
| Nota de contenido formateada |
Contenido: t.1. 1968-1970 -- Mensaje a la nación con motivo a la toma de la Brea y Pariñas. 9 de octubre de 1968 -- Discurso en la ceremonia de entrega del pabellón nacional en la división blindada 7 de noviembre de 1968 -- Discurso en el centro de instrucción militar del Perú. 31 de enero de 1969 -- t.2. 1970-1972. |
| 650 ## - PUNTO DE ACCESO ADICIONAL DE MATERIA--TÉRMINO DE MATERIA |
| Descriptor |
Política y gobierno |
| 9 (RLIN) |
2693 |
| 650 ## - PUNTO DE ACCESO ADICIONAL DE MATERIA--TÉRMINO DE MATERIA |
| Descriptor |
Revolución |
| 9 (RLIN) |
844 |
| 650 ## - PUNTO DE ACCESO ADICIONAL DE MATERIA--TÉRMINO DE MATERIA |
| Descriptor |
Reforma agraria |
| 9 (RLIN) |
1861 |
| 942 ## - ELEMENTOS DE PUNTO DE ACCESO ADICIONAL (KOHA) |
| Fuente de clasificación |
|
| Tipo de item |
Libros-BMC |
| 945 ## - PROCESAMIENTO DE INFORMACIÓN LOCAL (OCLC) |
| Catalogador |
davv |
| AAAA-MM-DD - Fecha de ingreso o modificacion |
03/05/2019 |